One Hundred 1990s Albums - Statistics

General Stats
  • This quiz has been taken 232 times
  • The average score is 41 of 100
Answer Stats
Picture Answer % Correct
2Pac - All Eyez on Me
93%
Britney Spears - Baby One More Time
91%
Nirvana - In Utero
88%
Jay-Z - In My Lifetime, Vol. 1
85%
Red Hot Chili Peppers - Californication
82%
Oasis - What's The Story (Morning Glory)
81%
Green Day - Dookie
80%
Lauryn Hill - The Miseducation of Lauryn Hill
79%
Radiohead - Pablo Honey
78%
Metallica - Metallica
75%
Blink-182 - Enema of the State
74%
Björk - Post
73%
The Notorious B.I.G. - Time to Die
71%
Dr. Dre - The Chronic
70%
Michael Jackson - Dangerous
70%
Backstreet Boys - Backstreet's Back
68%
Jeff Buckley - Grace
67%
Destiny's Child - The Writing's on the Wall
64%
Mariah Carey - Mariah Carey
63%
The Cranberries - No Need to Argue
63%
Madonna - Ray of Light
62%
Nas - Illmatic
61%
TLC - CrazySexyCool
61%
Alanis Morissette - Jagged Little Pill
60%
Janet Jackson - The Velvet Rope
60%
R.E.M. - Automatic for the People
57%
Smashing Pumpkins - Siamese Dream
56%
Deftones - Around the Fur
54%
Wu-Tang Clan - Enter the Wu-Tang (36 Chambers)
54%
Soundgarden - Superunknown
53%
MF DOOM - Operation: Doomsday
49%
Slipknot - Slipknot
49%
Eminem - The Slim Shady LP
48%
Shania Twain - Come on Over
48%
U2 - Achtung Baby
48%
Blur - Parklife
47%
Ice Cube - The Predator
47%
Alice in Chains - Facelift
46%
Garth Brooks - Ropin' the Wind
46%
Hole - Live Through This
46%
A Tribe Called Quest - Midnight Marauders
45%
Foo Fighters - Foo Fighters
45%
Pearl Jam - Vs.
45%
Korn - Follow the Leader
44%
Rage Against the Machine - The Battle of Los Angeles
43%
my bloody valentine - loveless
42%
Depeche Mode - Violator
41%
OutKast - Southernplayalisticadillacmuzik
41%
Sublime - Sublime
41%
Megadeth - Rust in Peace
40%
Third Eye Blind - Third Eye Blind
40%
Beastie Boys - Ill Communication
37%
Portishead - Dummy
37%
Cocteau Twins - Heaven or Las Vegas
36%
Weezer - Pinkerton
36%
The Chicks - Wide Open Spaces
35%
Sheryl Crow - Saturday Night Music Club
34%
Massive Attack - Blue Lines
32%
Slowdive - Souvlaki
32%
Creed - Human Clay
31%
Mos Def - Black on Both Sides
31%
Stone Temple Pilots - Core
28%
Roxette - Joyride
27%
Tool - Ænima
27%
Beck - Loser
26%
D'Angelo - Brown Sugar
26%
Mobb Deep - The Infamous
26%
Nine Inch Nails - The Fragile
25%
Judas Priest - Painkiller
24%
DJ Shadow - ...Endtroducing
23%
Slint - Spiderland
23%
Ace of Base - The Sign
22%
Billy Ray Cyrus - Some Gave All
21%
Cypress Hill - Black Sunday
21%
Pulp - His 'n' Hers
21%
Pantera - Cowboys From Hell
20%
Public Enemy - Fear of a Black Planet
20%
Counting Crows - August and Everything After
19%
Death - Human
18%
Erykah Badu - Baduizm
18%
George Strait - Carrying Your Love with Me
18%
Incubus - Make Yourself
18%
Pavement - Crooked Rain, Crooked Rain
18%
Suede - Suede
17%
Boyz II Men - II
16%
Modest Mouse - The Lonesome Crowded West
16%
Live - Throwing Copper
15%
Mary J. Blige - What's the 411?
14%
Rancid - ...And Out Come the Wolves
14%
Ride - Nowhere
12%
Tricky - Maxinquaye
12%
Sleater-Kinney - Dig Me Out
11%
The Pharcyde - Bizarre Ride II the Pharcyde
11%
Bone Thugs-n-Harmony - E. 1999 Eternal
10%
Built to Spill - Perfect From Now On
9%
Lucinda Williams - Car Wheels on a Gravel Road
9%
Bikini Kill - Pussy Whipped
6%
Pet Shop Boys - Very
5%
Dwight Yoakam - This Time
4%
Maxwell - Embrya
4%
No matching quizzes found
Score Distribution
Percent of People with Each Score
Percentile by Number Answered
Your Score History
You have not taken this quiz